The happiest people on earth: (Record no. 14199)

000 -LEADER
fixed length control field 00891nam a2200241 a 4500
001 - CONTROL NUMBER
control field :::00012024$&:&@@
003 - CONTROL NUMBER IDENTIFIER
control field OkBaRHE
005 - DATE AND TIME OF LATEST TRANSACTION
control field 20000607103415.0
008 - FIXED-LENGTH DATA ELEMENTS--GENERAL INFORMATION
fixed length control field s1975 j 000 0 eng u
020 ## - INTERNATIONAL STANDARD BOOK NUMBER
International Standard Book Number 0912376147
040 ## - CATALOGING SOURCE
Transcribing agency
100 1# - MAIN ENTRY--PERSONAL NAME
Personal name Shakarian, Demos, 1913- et al.
245 14 - TITLE STATEMENT
Title The happiest people on earth:
Remainder of title the long-awaited personal story of Demos Shakarian.
260 ## - PUBLICATION, DISTRIBUTION, ETC. (IMPRINT)
Place of publication, distribution, etc Old Tappan, NJ. :
Name of publisher, distributor, etc Chosen Books
Date of publication, distribution, etc c1975
300 ## - PHYSICAL DESCRIPTION
Extent 187 p. ;
Dimensions 22 cm.
650 ## - SUBJECT ADDED ENTRY--TOPICAL TERM
Topical term or geographic name as entry element Full Gospel Business Men's Fellowship International.
650 ## - SUBJECT ADDED ENTRY--TOPICAL TERM
Topical term or geographic name as entry element Shakarian, Demos, 1913-
700 ## - ADDED ENTRY--PERSONAL NAME
Personal name Sherrill, Elizabeth.
700 ## - ADDED ENTRY--PERSONAL NAME
Personal name Sherrill, John L.
942 ## - ADDED ENTRY ELEMENTS (KOHA)
Source of classification or shelving scheme
Koha item type Books
Copies
Withdrawn status Current Location Shelving location Date checked out Damaged status Date acquired Permanent Location Date last seen Full call number Barcode Not for loan Koha item type Total Checkouts Source of classification or shelving scheme Copy number Price effective from Lost status
  General Stacks  2010-04-14RHEMA Bible Training College2010-04-14BX 8764 .Z8S47412024 Books  12010-04-14 
 RHEMA Bible Training CollegeGeneral Stacks2011-12-17 2010-04-14RHEMA Bible Training College2012-01-06BX 8764 .Z8S47416657 Books1 22010-04-14